=LDR 00000nam 2200000 4500 =001 INLIS000000000037468 =005 20130612143211 =008 ***********************************Ind** =035 ##$$0010-061300000037468 =041 ##$$a Ind =082 ##$$a 647395 =090 ##$$a 647395, Pur d =100 ##$$a Purwadaria, Semijati =245 ##$$a 271 tempat makan di jalur pantura dan selat Jawa, Semijati Purwadaria =260 ##$$a 2007 $b [sp] =300 ##$$a 112 hlm, Ilus, 21 cm =650 ##$$a Warung Makan =850 ##$$a NBPNMAT